[Event "Sanjin Hotel Cup"]
[Site "Taiyuan"]
[Date "2004.07.17"]
[Round "1"]
[White "Dreev, Alexey"]
[Black "Ye, Jiangchuan"]
[Result "1-0"]
[WhiteElo "2690"]
[BlackElo "2681"]
[Annotator "Hazai,L"]
[PlyCount "97"]
[EventDate "2004.07.17"]
[EventType "tourn"]
[EventRounds "9"]
[EventCountry "CHN"]
[EventCategory "16"]
[SourceTitle "CBM 102"]
[Source "ChessBase"]
[SourceDate "2004.09.23"]
[SourceVersion "1"]
[SourceVersionDate "2004.09.23"]
[SourceQuality "1"]

1. d4 Nf6 2. c4 g6 3. Nc3 Bg7 4. e4 d6 5. f3 O-O 6. Nge2 Nc6 7. Be3 a6 8. Qd2
Rb8 9. Rc1 Bd7 10. Nd1 {White is making preparations against Black's normal
plans 10...b5 and 10...e5.} e5 (10... Re8 {This preparatory move doesn't look
very promising.} 11. Nf2 (11. g3 {/\ Bg2, 0-0} b5 $5 (11... e6 12. Bg2 b5 13.
c5 $5 $14 {keeping the space advantage looks more to the point.} (13. cxb5 axb5
14. O-O e5 15. d5 (15. dxe5 Nxe5 16. b3 b4 17. Nf2 Bb5 $132 {Svetushkin-El
Taher, Sharjah 2003 88/(475)}) 15... Ne7 $14)) 12. c5 dxc5 13. Rxc5 e5 14. d5
Nd4 $1 {Black has to open up the position before White castles >>.} 15. Bg2 (
15. Nxd4 {Riazantsev} exd4 16. Bxd4 (16. Bf4 Rc8 17. Bg2 c6 18. d6 Be6 19. b4 {
White wants to blockade the position at any rate-even by a positional exchange
sacrifice.} Nd7 20. O-O Nxc5 21. bxc5 $44) 16... Rxe4+ $1 17. fxe4 Nxe4 18. Qe3
Bxd4 19. Qxd4 Qe7 20. d6 $5 cxd6 21. Rc2 Nxg3+ 22. Qe3 Qxe3+ 23. Nxe3 Nxh1 24.
Bg2 Re8 25. Re2 Rc8 26. Kd2 (26. Bxh1 Rc1+ 27. Nd1 Bg4 28. Rd2 Bxd1 29. Rxd1
Rc2 30. Rxd6 Rxb2 31. Bd5 $14) 26... Bc6 27. Nd5 Bxd5 28. Bxd5 $14 {and
although Black has three pawns for the piece, the B looks very strong here.})
15... Bf8 $1 16. Bxd4 (16. b4 Bxc5 17. bxc5 c6 $1 {Black has to open up the
position.} 18. Nxd4 exd4 19. Qxd4 cxd5 20. O-O dxe4 21. Bg5 exf3 22. Bxf3 Bh3
23. Bxf6 Qxd4+ 24. Bxd4 Bxf1 25. Kxf1 $44) (16. Rc1 c5 17. O-O (17. dxc6 Nxc6 {
eliminating White's once mighty P [+].} 18. O-O Qa5 $11) 17... Bd6 18. Nf2 Qe7
$13) 16... exd4 17. Rc1 Qe7 (17... Rc8 18. O-O (18. Qxd4 c6 19. d6 $6 c5 20.
Rxc5 Rxc5 21. Qxc5 Be6 $40) 18... c6 19. dxc6 Rxc6 20. Nf2 d3 $1 {otherwise
the blockade on d3 would be very strong.} (20... Qb6 $6 21. Rxc6 Bxc6 22. Qxd4
$16) (20... Bc5 21. Nxd4 Rc8 22. b4 $1 Bb6 23. Rfd1 $14) 21. Nxd3 Qb6+ 22. Kh1
Rd6 $44) 18. Qxd4 (18. Rxc7 Qd8 19. Rc1 d3 20. Qxd3 Qb6 $44) 18... Rbc8 $1 {
Riazantsev} (18... Qd6 $6 19. Nf2 Bg7 20. Qc5 $16 {Riazantsev-Bobrov, Voronezh
2003 88/475}) 19. O-O c6 20. dxc6 Rxc6 21. Rxc6 Bxc6 22. Nf2 Bg7 $44 {and the
strong ^^ can compensate the lost P.}) 11... e6 $5 (11... b5 $6 {This
provocative move will lead more or less forced to an exchange sacrifice!} 12.
c5 dxc5 (12... e6 13. g3 dxc5 14. Rxc5 Bf8 15. Rc1 Bb4 16. Nc3 Na5 17. Bg5 Be7
18. e5 $16 {Ionov-Ezat, Abu Dhabi 2003}) 13. Rxc5 {Now the P structure clearly
favours White.} e5 {otherwise Black has no counterplay.} 14. d5 Ne7 15. Qc2 c6
$5 {Now, or never. If the backward c P remains, White is clearly better.} (
15... Rc8 16. Nd3) 16. dxc6 Nxc6 17. Rxc6 Bxc6 18. Qxc6 $16 {Graf-Nunn,
Germany 2003 CBM 94})) (10... b5 $6 {is now strongly met by} 11. c5 $1 e6 (
11... Qe8 12. Nf2 Rd8 13. g3 dxc5 14. Rxc5 Bc8 15. Bg2 Bb7 16. O-O Nd7 17. Rc2
Nb6 18. b3 e6 19. Rfc1 $14 {Sasikiran-Ye Jiangchuan, Jodhpur 2003}) 12. Nf2 Qe7
(12... b4 $6 13. g3 Na5 14. Nd3 dxc5 15. Nxc5 $16 {Black's << is in ruins.} Bb5
16. Nf4 g5 17. Nfd3 Nc6 18. Ne5 g4 $4 19. Bxb5 {1-0 Nenashev-Gadjily, Dubai
2000}) 13. cxd6 cxd6 14. g3 {/\ Bg2} Qd8 15. Bg2 Qa5 16. Qxa5 Nxa5 17. b3 Rfc8
18. Kd2 $14 {and White has a strong P [+], therefore the space advantage as
well, Conquest-Kindermann, Germany 2000.}) (10... e6 $5 {is an interesting,
unusual plan.} 11. g3 Ne8 12. Bg2 f5 13. O-O Nf6 14. Nf2 Qe7 15. f4 (15. b4 $5)
15... fxe4 16. d5 Nd8 17. Nc3 Nf7 18. Ncxe4 Nxe4 19. Nxe4 e5 20. Rfe1 Bf5 $13 {
Hertneck-Schmaltz, Germany 1998}) 11. d5 Ne7 12. Nf2 (12. c5 $5 {White has the
same reaction, as in case of 10...b5.} Ne8 (12... dxc5 13. Bxc5 Ne8 {/\ Nd6 is
a possibility transposing after} 14. Nec3 {to the game continuation.}) 13. b4 {
against 13...dxc5} (13. Nec3 dxc5 $5 {vacating the d6 square for the
blockading N comes into consideration.} (13... f5 14. Bd3 (14. b4 {- 13.b4})) (
13... c6 14. cxd6 Nxd6 15. Bc5 $14) 14. Bxc5 Nd6 15. Bd3 f5 16. O-O Kh8 {
/\ Ng8, Bh6}) 13... f5 14. Nec3 (14. Ndc3 Nf6) 14... Nf6 15. Be2 {Finally
White can finish his development.} Kh8 16. Nb2 {/\ Nc4 improving the N and
waiting with 0-0.} (16. O-O {castles into Black's standard ->.} f4 17. Bf2 g5)
16... Nc8 {If this is necessary, then White's advantage is undisputable in the
opening. He has a strong pressure on the <<, while Black's chances for a >> ->
are problematic.} (16... f4 17. Bf2 g5 18. Nc4 {and White's K may remain in
the [+] because of the closed character of the position.}) 17. Nc4 (17. O-O {
now comes into consideration, after one of Black's pieces has left the >>.} f4
18. Bf2 g5 19. Qd1 $1 {against g4.} (19. Nc4 g4)) 17... fxe4 18. fxe4 Ng4 (
18... Nh5 19. Bxh5 Qh4+ 20. Bf2 Qxh5 21. O-O g5 22. Be3 h6 23. Rxf8+ Bxf8 24.
Rf1 Be7 25. Ne2 Qg6 26. Ng3 $16 {Graf-Mamedov, Dubai 2002}) 19. Bg5 ({or simply
} 19. Bxg4 Bxg4 20. Bf2 $16 {/\ 0-0}) 19... Bf6 20. O-O Kg7 21. Rxf6 Nxf6 22.
Bh6+ Kg8 23. Bxf8 Qxf8 24. Qe3 $16 {Graf-Nunn, BL 2001 CBM 82}) (12. g3 Ne8 13.
Bg2 c5 14. b4 b6 15. O-O f5 16. Nf2 {1/2-1/2 Bischoff-Nunn, Paignton 2000}) (
12. b4 $5) 12... Ne8 13. g3 (13. c5 {allows the passive N to come back.} dxc5
14. Bxc5 Nd6 $13) (13. b4 f5 14. g3 c6 {Black has to create tension all over
the board.} (14... Nf6 15. Bg2 Nh5 16. O-O $14 {and Black's >> |^ is hard to
continue.}) 15. Bg2 b5 16. c5 cxd5 17. exd5 Bc8 18. O-O Nf6 {>< d5} 19. Nc3
dxc5 20. Bxc5 Bb7 21. d6 Ned5 22. Nxd5 Nxd5 $132) 13... c5 {Black wants to
close the <<.} (13... f5 $5 14. Bg2 c5 {can also be met by} 15. b4 (15. O-O b5
$1)) 14. b4 (14. Bg2 {allows} b5) 14... b6 (14... cxb4 15. Qxb4 b5 16. c5 a5
17. Qb2 dxc5 18. Bxc5 $14 {and Black has problems with the blockade of >< d6.})
15. Bg2 f5 16. O-O Kh8 $6 {This plan seems to be slow.} (16... Nf6 17. Rb1) (
16... cxb4 17. Qxb4 Qc7 {and a stubborn defence of the weaknesses on the <<
was possible.}) 17. Rb1 Ng8 18. Rb3 ({A different strategy would be the
breakthrough in the [+] by} 18. f4 $5 exf4 19. Nxf4 $14) 18... Ngf6 19. bxc5 (
19. Rfb1 {looked more consistant.} Ra8 (19... cxb4 20. Rxb4 $16) 20. bxc5 bxc5
{- 19.bxc5}) 19... bxc5 20. Rfb1 Ra8 $6 {Giving up the b <-> without a fight.}
(20... Rxb3 21. Rxb3 $14 (21. axb3 Qc7 22. b4 $14)) 21. Bg5 fxe4 22. fxe4 $16 {
Now Black has no real counterplay and his position remains passive.} Bc8 23.
Nc3 Bd7 24. Ra3 (24. h3 $5) 24... Nc7 25. Rab3 {White didn't find the
clear-cut plan for a while.} Rf7 (25... Nce8) 26. Rb7 Rc8 (26... Bc8 27. Rb8
Rxb8 28. Rxb8 $16) 27. Ncd1 {/\ Qa5} Qf8 28. Qa5 Nfe8 29. Rb8 Nf6 30. Rxc8 Qxc8
31. Qb6 Nce8 32. Qb8 {The exchange of Q helps for White-the _|_ is clearly
better for him.} Kg8 33. Qxc8 Bxc8 34. Rb8 Rc7 35. Bd2 Nd7 36. Rb3 {White
wants to keep his active R alive.} Rb7 37. Bh3 $1 {[%mdl 32] activating the
bad B.} Rxb3 38. axb3 {Now the P structure has been changed for White's
favour- he has a breakthrough by b3-b4.} Nb6 39. Ba5 Bxh3 40. Nxh3 {The
exchange of the light-squared B is a big strategical achievement for White.}
Nc8 41. Ng5 (41. Kf2 $1 Nf6 42. Kf3 $16 {bringing the K into action and
defending >< e4 looked more to the point.}) 41... Bh6 42. h4 (42. Ne6 Nf6)
42... Nf6 43. Nf2 Bxg5 44. hxg5 Nh5 $2 {The N is outplaced here.} (44... Nd7 $1
) 45. Kg2 Kf7 46. Kf3 $18 Ke8 47. Nd3 {/\ b4} Ne7 48. b4 $1 {This breakthrough
on the << decides the battle.} cxb4 49. Bxb4 (49. Bxb4 Nc8 50. c5 $18) 1-0

[Event "Petrosian Memorial Internet"]
[Site "ICC INT"]
[Date "2004.12.22"]
[Round "5"]
[White "Lautier, Joel"]
[Black "Svidler, Peter"]
[Result "1-0"]
[WhiteElo "2682"]
[BlackElo "2735"]
[Annotator "Hazai,L"]
[PlyCount "97"]
[EventDate "2004.12.18"]
[EventType "team"]
[EventRounds "6"]
[EventCountry "USA"]
[SourceTitle "CBM 105"]
[Source "ChessBase"]
[SourceDate "2005.04.11"]
[SourceVersion "1"]
[SourceVersionDate "2005.04.11"]
[SourceQuality "1"]

1. d4 d6 2. e4 g6 3. c4 Bg7 4. Nc3 Nf6 5. f3 O-O 6. Be3 Nc6 7. Nge2 a6 8. Qd2
Rb8 9. h4 b5 (9... h5 {is the main line.}) 10. h5 e5 11. d5 Na5 12. Ng3 bxc4 (
12... Nxc4 13. Bxc4 bxc4) 13. O-O-O Bd7 {Black wants to organize a counterplay
on the b <->.} (13... Rb4 14. Bh6 Bd7 (14... Bxh6 15. Qxh6 Kh8 {! Kasparov} (
15... Qe7 16. Be2 Nd7 17. Rdf1 $1 g5 18. Nf5 Qf6 19. g3 $1 Qxh6 20. Nxh6+ Kh8
21. Rhg1 $3 $16 f6 22. f4 exf4 23. gxf4 gxf4 24. Rxf4 Ne5 25. Rxf6 $1 $18 {
Kasparov}) 16. hxg6 fxg6 17. Be2) 15. Be2 $1 {If White can hold >< b2 his
advantage on the >> may become really annoying.} Bxh6 16. Qxh6 Kh8 17. hxg6
fxg6 18. Nf1 $1 Rg8 {(Psakhis-Djurhuus, Gausdal 1994)} 19. g4 $1 $16 {Djurhuus}
) (13... Nd7 14. hxg6 fxg6 15. Nb1 $1 {The target is the bad N on the edge of
the board.} Nb7 (15... Rb5 $2 {is witty, but not correct.} 16. b4 $1 cxb3 17.
Bxb5 c5 {(Timman-Kasparov, Bugojno 1982)} 18. Be2 $18 {Timman}) 16. Bxc4 Nbc5
17. Nc3 $14 {Kasparov}) (13... c6 {! Kasparov} 14. dxc6 $14 {Fedorowicz}) 14.
Bh6 (14. hxg6 fxg6 15. Nb1 c6 $5 {Black wants to open up the <<, the fall of
the weak d6 P is not a high price for it.} (15... Nb7 {is simply too passive.}
16. Bxc4 Bb5 17. Na3 Qd7 18. Kb1 Rfc8 19. Rc1 $14 {Belotti-Beil, Reggio Emilia
1988}) 16. dxc6 Bxc6 17. Qxd6 Qc8 {with some counterchances on the <<.}) (14.
Nb1 c6 15. dxc6 Bxc6 16. Qxd6 Qc8) (14. Nge2 Rb4 15. g4 Qb8 16. Ng3 (16. Bh6 $6
{is overoptimistic.} Qb7 $1 17. Bxg7 {[#]} Rb8 $3 {This beautiful zwischenzug
decides the battle, >< b2 falls and Black's -> on the b <-> becomes decisive!}
18. Qh6 Rxb2 $19 19. Rd4 exd4 20. Kd1 Rb1+ 21. Nxb1 Qxb1+ 22. Nc1 Nxg4 23. fxg4
Bxg4+ {0-1 Nguyen Anh Dung-To Quoc Khanh, Ho Chi Minh City 2003})) 14... Bxh6
15. Qxh6 Qe7 16. Be2 Rb4 17. Rd2 (17. Nf1 $1 {is the precise move order.} Rfb8
(17... Nxh5 18. g4 Nf6 19. Ng3 $18) 18. Rd2 {- 17.Rd2}) 17... c6 {This is the
difference!} (17... Rfb8 18. Nf1 c5 {? Kasparov} (18... Be8 19. g4 Nd7 20. hxg6
fxg6 21. Ne3 $16 {Kasparov}) 19. Bd1 $1 (19. g4 $2 Ba4) 19... Ne8 (19... Be8
20. g4 Qb7 21. Rhh2 $1) 20. hxg6 fxg6 21. g4 Qg7 22. g5 Qxh6 23. Rxh6 Nb7 {
It is rather remarkable, that this is the first new move! However, it will not
change the bad reputation of the entire line.} (23... Ng7 24. f4 $3 exf4 25.
Rdh2 Re8 26. Nd2 Reb8 27. Rxh7 Rxb2 28. R2h4 $1 $18 {Kasparov-Loginov, Manila 
(ol) 1992}) (23... R4b7 24. Rdh2 Bc8 25. Ba4 $18 {Kasparov}) 24. a3 $1 (24. Ne3
Nd8 25. Rdh2 Nf7 26. Rxh7 Ng7) 24... Rb6 25. Rdh2 Nd8 26. Rxh7 Nf7 27. Ne3 R6b7
(27... Ng7 28. Nxc4 $16) 28. R7h4 Ng7 (28... Nxg5 $2 29. Rg2 $18) 29. Nxc4 $16
{Gallagher-Sutovsky, Biel 1996 CBM 55}) 18. Nf1 (18. dxc6 Bxc6) 18... Kh8 $2 {
This is hard to understand!} (18... Rfb8 $1 {was logical doubling the rooks on
the important b file.}) 19. hxg6 fxg6 20. Qxg6 (20. Ne3) 20... cxd5 $6 (20...
c5 {avoids the opening of position, but White's attacking chances on the >>
remain.}) 21. Ne3 (21. Nxd5 Nxd5 22. Rxd5) 21... Be6 (21... d4 22. Ncd5 dxe3 {
leads nowhere after} 23. Nxe7 exd2+ 24. Kc2 Ba4+ 25. Kc3 $18) 22. exd5 Rg8 23.
Qh6 Bd7 24. g4 Qg7 25. Bd1 (25. f4 {looks also very strong opening up the
position.}) 25... Qxh6 26. Rxh6 Rg6 27. Rdh2 Kg7 28. R6h4 $18 {The position is
materially equal, but the black pieces lack any harmony.} h5 {Desperation, but
Bc2 was the threat.} 29. gxh5 Rg1 30. h6+ Kh8 31. Rg2 (31. f4 $18 {was also
tempting widening the battlefront.}) 31... Rxg2 32. Nxg2 Rb7 33. Ne3 Rc7 {
The passive defence leads nowhere.} 34. Be2 Be8 (34... Bb5 35. f4 $18) 35. Bxc4
{White has already two extra pawns.} Bf7 36. b3 Nxc4 37. Rxc4 Rxc4 38. Nxc4 Ne8
(38... Bxd5 39. Nxd5 Nxd5 40. Nxd6 $18 {and the N _|_ is very easy.}) 39. Kd2
Kh7 40. Ke3 Kxh6 41. f4 exf4+ 42. Kxf4 Kg7 43. Nb6 Kf6 44. Nc8 Bg6 45. Ne4+ Kg7
46. Ncxd6 Nxd6 47. Nxd6 Bb1 48. a3 Ba2 49. Nf5+ 1-0

[Event "POL-chT 66th"]
[Site "Katowice"]
[Date "2010.09.11"]
[Round "8"]
[White "Socko, Bartosz"]
[Black "Antoniewski, Rafal"]
[Result "1-0"]
[WhiteElo "2657"]
[BlackElo "2608"]
[Annotator "RR"]
[PlyCount "105"]
[EventDate "2010.09.04"]
[EventType "team-tourn"]
[EventRounds "9"]
[EventCountry "POL"]
[SourceTitle "EXT 2016"]
[Source "ChessBase"]
[SourceDate "2015.10.08"]
[SourceVersion "1"]
[SourceVersionDate "2015.10.08"]
[SourceQuality "1"]
[WhiteTeam "Katowice Szopienice"]
[BlackTeam "Dankowice"]
[WhiteTeamCountry "POL"]
[BlackTeamCountry "POL"]

1. d4 Nf6 2. c4 g6 3. f3 Bg7 4. e4 d6 5. Nc3 O-O 6. Be3 a6 7. Nge2 (7. Qd2)
7... Nc6 8. Nc1 Rb8 (8... e5 9. d5 Nd4 {[%csl Gd4]}) 9. Qd2 Re8 (9... e5 $142 {
La grande ligne}) 10. Nb3 (10. Bd3 e5 11. d5 Nd4 12. N1e2 c5 13. dxc6 bxc6 14.
Nxd4 exd4 15. Bxd4 d5 16. cxd5 cxd5 17. e5 Rb4 18. Ne2 Rxd4 19. Nxd4 Rxe5+ 20.
Ne2 Qb6 21. O-O-O Nd7 22. Nc3 Nc5 23. Bc2 Re8 24. Qxd5 Be6 25. Qd6 Qa5 26. Rhe1
Bxc3 27. bxc3 Qa3+ 28. Kd2 Ne4+ 29. Rxe4 Qxd6+ 30. Ke1 Qxh2 31. Re3 {0-1 (31)
Dreev,A (2676)-Motylev,A (2574) Neum 2000}) 10... Bd7 11. Bd3 $146 (11. Be2 h5
12. h3 e5 13. d5 Nd4 14. Nxd4 exd4 15. Bxd4 h4 16. Bd3 c5 17. dxc6 bxc6 18. Ne2
a5 19. Bc2 d5 20. cxd5 cxd5 21. e5 Nh5 22. f4 Bb5 23. Bd3 Bh6 24. O-O Ng7 25.
Bxb5 Rxb5 26. Bc3 d4 27. Qxd4 Rd5 28. Qe4 Nf5 29. Kh2 Qd7 30. g4 hxg3+ 31. Nxg3
Nxg3 32. Kxg3 Rd8 33. Rf3 a4 34. a3 Rd1 35. Rxd1 Qxd1 36. Kg2 Kh7 37. e6 fxe6
38. Qxe6 {1-0 (38) Istratescu,A (2622)-Shavtvaladze,N (2399) Kavala 2002})
11... b6 (11... e5 12. d5 Ne7) 12. O-O e5 13. d5 Nb4 14. Be2 a5 15. c5 $1 {
[%csl Rb4][%cal Ga2a3]} bxc5 16. Nxa5 $36 (16. a3 $2 Nbxd5) 16... c6 $8 17. Nc4
cxd5 18. exd5 {[%cal Ga2a3,Ge2a6,Gc4d6] Renouvelle la menace a3} Bc8 $8 {
[%cal Gc8a6,Gd8d6]} 19. a3 Na6 20. Bg5 {[%cal Gc3e4]} Qc7 {Un coup naturel
mais la Q n'est pas très bien placée} 21. a4 $1 {[%csl Rc7][%cal Gc3b5]} (21.
Bxf6 Bxf6 22. Ne4 Be7 {[%cal Gf7f5]}) 21... Nb4 22. Bxf6 (22. Nb5 Rxb5 23. axb5
Nbxd5 24. Bxf6 Nxf6 25. Qxd6) 22... Bxf6 23. Nb5 Qe7 24. Ncxd6 Rd8 25. Nxc8
Rbxc8 26. d6 (26. Bc4 Bg5 {[%csl Rh2][%cal Gg5f4,Ge7h4]}) 26... Qe6 27. Rac1
Kg7 28. Bc4 $40 {[%csl Re6,Rf7][%cal Gc4e6]} Qf5 29. Rcd1 Bg5 30. Qc3 Nc6 {
[%cal Gc6d4]} 31. f4 $3 {[%csl Rf7][%cal Gf1f5]} Bxf4 32. g3 Qg4 33. d7 (33.
Kh1 Bh6 34. Rxf7+) 33... Rb8 34. Kh1 Bg5 35. Rxf7+ Kh6 36. Qd3 (36. Rd5 Qe4+
37. Qf3) 36... Nd4 37. h4 $2 Bf4 $1 $13 {[%csl Rg3,Rh1,Rh4,Rh6] Retour de
baton pour les Blancs} 38. gxf4 (38. Nxd4 cxd4 39. Rd2 Be3 {[%csl Rg3]} (39...
Bxd2 40. Qxd2+ Kh5 41. Be2) 40. Rg2 Rxd7) 38... Nf3 39. Be6 Qxe6 40. Qxf3 Qxf7
$17 41. Nd6 Qf6 (41... Qxf4 $4 42. Nf7+ Kg7 43. Qxf4 exf4 44. Nxd8 Rxd8 45. Kg2
{[%cal Gg2f3]}) 42. Qg4 {[%cal Gg4g5]} exf4 43. Ne4 $1 {[%cal Ge4f6,Ge4g5]} Qf7
(43... Qf5 44. Qxf5 gxf5 45. Nxc5 {[%cal Gc5e6]}) 44. Ng5 Qf6 45. Ne6 Ra8 $2 (
45... Rxd7 $8 46. Rxd7 Rxb2 47. Nf8 Rb1+ 48. Kh2 Rb2+ 49. Kg1 Rb1+ 50. Kf2 Rb2+
51. Ke1 Qc3+) 46. Qg5+ Qxg5 47. hxg5+ Kh5 48. Nxd8 Rxd8 49. a5 Kxg5 50. a6 Kg4
51. a7 g5 52. Kg2 h5 53. Re1 1-0